Mỡi và vai trò của Mỡi trong đời sống tinh thần của người Mường Hòa Bình
Nội dung sách giới thiệu tổng quan về người Mường ở Hòa Bình. Mỡi và vai trò của Mỡi trong đời sống tinh thần người Mường từ xã hội cổ truyền đến xã hội hiện đại.
Guardado en:
| Autor principal: | |
|---|---|
| Formato: | Libro |
| Lenguaje: | Undetermined |
| Publicado: |
Hà Nội
Mỹ thuật
2017
|
| Materias: | |
| Etiquetas: |
Agregar Etiqueta
Sin Etiquetas, Sea el primero en etiquetar este registro!
|
| Thư viện lưu trữ: | Trung tâm Học liệu Trường Đại học Cần Thơ |
|---|
| LEADER | 00951nam a2200205Ia 4500 | ||
|---|---|---|---|
| 001 | CTU_226720 | ||
| 008 | 210402s9999 xx 000 0 und d | ||
| 082 | |a 390.09597 | ||
| 082 | |b Tr312 | ||
| 100 | |a Bạch, Mỹ Trinh | ||
| 245 | 0 | |a Mỡi và vai trò của Mỡi trong đời sống tinh thần của người Mường Hòa Bình | |
| 245 | 0 | |c Bạch Mỹ Trinh (chủ biên) | |
| 260 | |a Hà Nội | ||
| 260 | |b Mỹ thuật | ||
| 260 | |c 2017 | ||
| 520 | |a Nội dung sách giới thiệu tổng quan về người Mường ở Hòa Bình. Mỡi và vai trò của Mỡi trong đời sống tinh thần người Mường từ xã hội cổ truyền đến xã hội hiện đại. | ||
| 650 | |a Phong tục tập quán,Manners and customs | ||
| 650 | |z Việt Nam,Vietnam | ||
| 910 | |b dqhieu | ||
| 980 | |a Trung tâm Học liệu Trường Đại học Cần Thơ | ||